All active US Navy carriers and Amphibious assault ships - Statistics

General Stats
  • This quiz has been taken 26 times
    5 since last reset
  • The average score is 10 of 20
Answer Stats
Hint Answer % Correct
America
100%
Gerald R Ford
100%
Aircraft Carriers Nimitz
100%
Ronald Reagen
100%
Carl Vinson
67%
Dwight D Eisenhower
67%
George H.W Bush
67%
George Washington
67%
Harry S Truman
67%
Theodore Roosevelt
67%
amphibious assault ships Wasp
67%
Bataan
33%
Boxer
33%
Iwo Jima
33%
John C Stennis
33%
Abraham Lincoln
0%
Essex
0%
Kearsarge
0%
Makin Island
0%
Tripoli
0%
No matching quizzes found
Score Distribution
Percent of People with Each Score
Percentile by Number Answered
Your Score History
You have not taken this quiz since the last reset